| 000 | 00587nam a22002177a 4500 | ||
|---|---|---|---|
| 999 |
_c458928 _d458928 |
||
| 001 | 216216928 | ||
| 003 | UA-OsUOA | ||
| 005 | 20200421110058.0 | ||
| 008 | 200421b un ||||| |||| 00| 0 ukr d | ||
| 040 |
_aUA-OsUOA _bukr _cUA-OsUOA _dUA-OsUOA |
||
| 041 | _aukr | ||
| 080 | _a778 | ||
| 090 |
_a778 _bЛ78 |
||
| 100 | _aЛордкипанидзе Н | ||
| 245 |
_a"Не горюй"- девиз грузинской кинокомедии _cН. Лордкипанидзе |
||
| 260 |
_aМосква _c1987 |
||
| 300 | _a110 с. | ||
| 650 | _2778 | ||
| 942 |
_2udc _cBK |
||
| 955 | _a0 | ||